01184nam a2200193Ia 4500001001100000003001000011008004100021040002500062041001300087100002700100245005700127250001100184260009100195300002700286500026600313501011400579520026600693650003100959L239-11513IT-CnALBA170116s9999||||xx |||||||||||||| ||und|| aIT-CnALBAcIT-CnALBA aITALIANO aMIONI UGO, MONS. DOTT. 0aLA NUOVA APOLOGIA. - VOLUME III: DIO SPIRITO SANTO.  a1a ed. aARC. MODENA.bIMMAC. CONCEZ. TIP. PONT.c1909 [1° Ed.:1909 - Ed.Ling.Originale: 1909] a478 p. (prefazione: 5) aECCLESIOLOGIA. COSTITUZIONE DELLA CHIESA: DOCENTE, DISCENTE, SACERDOTALE, REGALE. PRIMATO DI PIETRO. PRIVILEGI. PRIMATO E GLI ALTRI APOSTOLI. PIETRO E LA CHIESA DI ROMA. UNITÀ. SANTITÀ. UNIVERSALITÀ. APOSTOLICITA'. ORIGINI DIVINE. L'EPOPEA DEL CRISTIANESI aSocietà San Paolo EM - Piazza San Paolo, 14 - 12051 ALBA (CN) (non commercial uses only) ® Copyright 2017 aECCLESIOLOGIA. COSTITUZIONE DELLA CHIESA: DOCENTE, DISCENTE, SACERDOTALE, REGALE. PRIMATO DI PIETRO. PRIVILEGI. PRIMATO E GLI ALTRI APOSTOLI. PIETRO E LA CHIESA DI ROMA. UNITÀ. SANTITÀ. UNIVERSALITÀ. APOSTOLICITA'. ORIGINI DIVINE. L'EPOPEA DEL CRISTIANESI aAPOLOGETICA E CONTROVERSIE